000 01501nam a2200289 a 4500
001 000007704
005 20260202091015.0
008 090907s1999 dr a 000 0 spa d
040 _aDO-SdBNP
_bspa
_cBNPHU
082 _a658.3145
_bO96h, 1999
100 1 _aOvalle, Lucía,
_d1975-
_921033
245 1 0 _aHacia una comprensión de las relaciones humanas :
_bsu aplicación en el trabajo /
_cLucía Ovalle.
250 _a4a ed.
260 _aSanto Domingo :
_bCentenario,
_c1999.
300 _a186 p. :
_bil. ;
_c20 cm.
504 _aBibliografía : p. 185 186
505 2 _aDedicatoria -- Reconocimientos-- Introducción -- Introducción a la tercera edición -- Relaciones humanas -- La personalidad y el conocimiento del yo -- La motivación y la conducta -- La comunicación -- La retroalimentación -- Conflicto y frustración -- La autoridad -- Trabajo en equipo -- El cambio -- Principales problemas de las relaciones humanas -- Principios generales para lograr buenas relaciones con los semejantes -- Aspectos generales de las relaciones humanas -- Bibliografía.
590 _aInventariado, 2018/ YL
650 0 _aRelaciones humanas
_9606
650 4 _aComunicación interpersonal
_921034
650 4 _aConducta competitiva del personal
_921035
650 4 _aComunicación en la administración
_921371
650 4 _aMotivación del empleado
_921036
650 4 _aTrabajo en equipo
_921037
650 4 _aConflictos interpersonales
_921038
910 _aValidado. Control de calidad MMOLINA
999 _c7483
_d7483